| 000 | 00853nam a22002177a 4500 | ||
|---|---|---|---|
| 003 | OSt | ||
| 005 | 20210427075242.0 | ||
| 008 | 210222s2012 ||||| |||| 00| 0 geo d | ||
| 020 | _a9789941926013 | ||
| 040 |
_aeng _beng _cDLC |
||
| 041 |
_ageo _heng |
||
| 080 |
_a15 _bშ--97 |
||
| 100 |
_91059 _aშულცი, ქეთრინ / Schulz, Kathryn |
||
| 245 |
_aროცა ცდები: თავგადასავალი შეცდომის ზღვარზე _b: Being Wrong: Adventures in the Margin of Error _c/ by: რადარამი / Radarami |
||
| 260 |
_aთბილისი / Tbilisi _bRadarami _c2012 |
||
| 300 | _a458 p. | ||
| 650 | 0 |
_9134 _aPsychology |
|
| 653 | _aფსიქოლოგია | ||
| 700 |
_91062 _aAkhobadze, Khatuna / ახობაძე ხათუნა _eTranslator |
||
| 942 |
_2udc _cBK |
||
| 999 |
_c1645 _d1645 |
||